| 000 | 00399nam a2200145Ia 4500 | ||
|---|---|---|---|
| 008 | 210430s9999 xx 000 0 und d | ||
| 020 | _a9788177585599 | ||
| 082 | _a515S639C | ||
| 100 |
_aMonty J.Strauss,Gerald L.Bradley,KarlJ.Smith _955015 |
||
| 245 |
_aCalculus / _cMonty J.Strauss, |
||
| 250 | _a3rd edition | ||
| 260 |
_aDelhi _bPearson Education _c2007 |
||
| 300 | _a877p. | ||
| 942 |
_cBK _2ddc |
||
| 999 |
_c565967 _d565967 |
||